000 01125cam a2200265 i 4500
003 SA-RiAUC
005 20250321105544.0
008 250318s1990 su g 000 0 ara c
040 _aSA-JeALM
_bara
_cSA-RiAUC
_erda
043 _aa-su---
082 0 4 _a398.2
090 _a398.2
_bخ و ي
100 1 _aالخويطر، عبد العزيز بن عبد الله بن علي،
_d1344-1435 هجري
_eمؤلف.
245 1 0 _aأي بني /
_bمقارنة بين الماضي والحاضر
_cعبد العزيز بن عبد الله الخويطر.
264 1 _aالرياض :
_bعبد العزيز بن عبد الله بن علي الخويطر،
_c1989-1993
300 _aمجلد.
_c24 سم
336 _aنص
_btxt
_2rdacontent
_3كتاب
337 _aبدون وسيط
_bn
_2rdamedia
338 _aمجلد
_bnc
_2rdacarrier
650 7 _aالأدب الشعبي العربي
_zالسعودية
_2aucsh
651 7 _aالسعودية
_xحياة وعادات اجتماعية
_2aucsh
651 7 _aالسعودية
_xأحوال اجتماعية
_2aucsh
942 _2ddc
_cBOOK
_n0
949 _aSA-JeALM
_d250318
_uosman123
_n1
999 _c6512
_d6512